...And the Pursuit of Happiness /

La serie Eclipse es una división del prestigioso sello Criterion Collection, formada por paquetes –o cofres- de películas minusvaloradas, olvidadas e incluso perdidas en formato DVD. El criterio de selección ha sido, la mayor parte de las veces, una etapa, ciclo o vertiente de la filmografía de un d...

詳細記述

保存先:
書誌詳細
第一著者: Malle, Louis (realización)
その他の著者: Malle, Louis (guión) (guión), Malle, Louis (fotógrafo) (fotógrafo), Baker, Nancy (montaje) (montaje), Malle, Louis (conducción) (conducción), Koresky, Michael (texto) (texto)
フォーマット: スライド
言語:フランス語
出版事項: París, Francia : Nouvelles Editions de Films, 1986, c1986
シリーズ:(Eclipse Series ; 2/5)
主題:
タグ: タグ追加
タグなし, このレコードへの初めてのタグを付けませんか!

MARC

LEADER 00000ngm^a2200000^a^4500
001 000392523
005 20250521000000.0
009 20260310121242.781
020 |a 1-934121-54-1 
020 |a 1-934121-49-5 
037 |a Acervo ITESO - Biblioteca 
041 |a FRA 
082 |a 808. 8  |b CRI ECL V. 2 T. 5 
100 |a Malle, Louis  |e (realización) 
240 1 5 |a [The Documentaries of Louis Malle] 
240 1 1 |a [...And the Pursuit of Happiness] 
245 1 0 |a ...And the Pursuit of Happiness /  |c Realización de L. Malle. 
246 2 |a Título en México: no conocido/no identificado 
246 2 |a Título alternativo en español: no conocido/no identificado 
264 4 |a París, Francia :  |b Nouvelles Editions de Films,  |c 1986, c1986 
264 2 |a Nueva York, EUA :  |b Criterion Collection [distribución],  |c 2007, c2007 
300 |a 1 DVD región 1 (81 min.) :  |b color 
336 |a imagen móvil bidimensional  |b tdi  |2 rdacontenido 
337 |a video  |b v  |2 rdamedio 
338 |a videodisco  |b vd  |2 rdasoporte 
440 1 |a (Eclipse Series ;  |v 2/5) 
520 |a La serie Eclipse es una división del prestigioso sello Criterion Collection, formada por paquetes –o cofres- de películas minusvaloradas, olvidadas e incluso perdidas en formato DVD. El criterio de selección ha sido, la mayor parte de las veces, una etapa, ciclo o vertiente de la filmografía de un director, sea uno consolidado plenamente en el canon de autores o casos de revaloración de cineastas desestimados en su momento. La serie ha sido ampliada paulatinamente con paquetes que reúnen cintas de una misma compañía productora y género cinematográfico o identificadas con una corriente fílmica. Los cofres contienen de dos a siete películas, cada una de ellas incluida –por lo general- en un DVD individual. 
520 |a El volumen número 2 de la serie está dedicado al cineasta francés Louis Malle (1932-95), quien en paralelo de varias de sus memorables ficciones, creo también una muy personal filmografía como documentalista, tanto en su país natal como en India y Estados Unidos, dotado con la visión perspicaz de un creador y las habilidades investigadoras de un periodista. El tomo 5 y último del paquete contiene …And the Pursuit of Happiness […Y la búsqueda de la felicidad], documental para televisión en el que Malle se propuso investigar, de costa a costa, la cada vez más variada gama de experiencias de los inmigrantes en Estados Unidos. El cineasta francés, él mismo inmigrante establecido en Estados Unidos, entrevistó a un diverso grupo de recién llegados –maestros, astronautas, médicos- en comunidades de clase obrera y clase media, para trazar el retrato generoso de sus luchas individuales en un país cada vez más multilingüe. 
546 |a En inglés, con subtítulos opcionales: inglés 
649 |a XX 
650 |a Extranjeros en EUA -  |x Condiciones Sociales y Culturales -  |x Tema Principal 
650 |a Documentales 
650 |a Televisión -  |z EUA -  |y 1980-1989 
650 |a Televisión -  |z EUA -  |y Siglo XX 
650 |a Emigración -  |z EUA -  |x Historia -  |y 1981-1989 -  |x Tema Principal 
650 |a Emigración -  |z EUA -  |x Historia -  |y Siglo XX 
650 |a Sociología 
740 0 |a Outsider Art /  |c Texto de M. Koresky. 
700 |a Malle, Louis  |e (guión) 
700 |a Malle, Louis  |e (fotógrafo) 
700 |a Baker, Nancy  |e (montaje) 
700 |a Malle, Louis  |e (conducción) 
700 |a Koresky, Michael  |e (texto) 
910 |a Fondo General 
920 |a Audiovisuales - DVDs 
940 |a Películas 
905 |a 308 
901 |a 0500287272  |b IT2  |c DVR  |i C152285  |u 20250521 
902 |a https://opac.biblio.iteso.mx/vufind/Record/000392523